[Event "Titled Tuesday intern op 28th Apr"]
[Site "Chess.com INT"]
[Date "2020.04.28"]
[Round "3"]
[White "Alvarez Fernandez, Enrique"]
[Black "Priyadharshan, Kannappan"]
[Result "0-1"]
[WhiteElo "2376"]
[BlackElo "2553"]
[PlyCount "72"]
[EventDate "2020.04.28"]
[EventType "swiss (blitz)"]
[EventRounds "10"]
[EventCountry "USA"]
[SourceTitle "CBM 195 Extra"]
[Source "ChessBase"]
[SourceDate "2020.05.31"]
[SourceVersion "1"]
[SourceVersionDate "2020.05.31"]
[SourceQuality "1"]

1. d4 Nf6 2. Nf3 e6 3. Bf4 d5 4. e3 c5 5. c3 Nc6 6. Nbd2 Be7 7. Ne5 Nxe5 8. Bxe5 0-0 9. Bd3 Bd6 10. f4 b6 11. 0-0 a5 12. Qe2 Bb7 13. Bxf6 Qxf6 14. Nf3 cxd4 15. exd4 Qxf4 16. Ne5 Qh6 17. Rf3 g6 18. Rh3 Qg7 19. Nd7 Rfd8 20. Nxb6 Rab8 21. Na4 Bc6 22. Nc5 Bxc5 23. dxc5 e5 24. Qf2 e4 25. Bf1 d4 26. cxd4 Qxd4 27. Qxd4 Rxd4 28. Rb3 Rbb4 29. Rxb4 axb4 30. a4 bxa3 31. bxa3 f5 32. a4 Bxa4 33. Rb1 f4 34. Rc1 Bc6 35. Rb1 e3 36. Rb6 Rd1 0-1

[Event "Titled Tuesday intern op 28th Apr"]
[Site "Chess.com INT"]
[Date "2020.04.28"]
[Round "5"]
[White "Erdogan, Anil Berk"]
[Black "Priyadharshan, Kannappan"]
[Result "0-1"]
[WhiteElo "2155"]
[BlackElo "2553"]
[PlyCount "68"]
[EventDate "2020.04.28"]
[EventType "swiss (blitz)"]
[EventRounds "10"]
[EventCountry "USA"]
[SourceTitle "EXT 2021"]
[Source "ChessBase"]
[SourceDate "2020.10.23"]
[SourceVersion "1"]
[SourceVersionDate "2020.10.23"]
[SourceQuality "1"]

1. e4 e5 2. Nf3 Nc6 3. Bb5 Nf6 4. 0-0 Nxe4 5. d4 Nd6 6. Bxc6 dxc6 7. dxe5 Nf5 8. Qxd8+ Kxd8 9. h3 a5 10. Nc3 Ke8 11. Ne4 Be6 12. g4 Ne7 13. Nfg5 Bd5 14. Nc3 Bc4 15. Re1 h6 16. Nge4 Nd5 17. b3 Nxc3 18. bxc4 Nxe4 19. Rxe4 Bc5 20. Rb1 b6 21. Be3 Bxe3 22. Rxe3 Ke7 23. Rd3 Rhd8 24. Kf1 Ke6 25. f4 Rxd3 26. cxd3 g5 27. fxg5 hxg5 28. Re1 a4 29. Re4 a3 30. Kf2 Ra4 31. Ke3 Rb4 32. c5 bxc5 33. Rxb4 cxb4 34. Kd4 b3 0-1

[Event "Titled Tuesday intern op 28th Apr"]
[Site "Chess.com INT"]
[Date "2020.04.28"]
[Round "2"]
[White "Leve, Nitai D"]
[Black "Priyadharshan, Kannappan"]
[Result "0-1"]
[WhiteElo "2128"]
[BlackElo "2553"]
[PlyCount "92"]
[EventDate "2020.04.28"]
[EventType "swiss (blitz)"]
[EventRounds "10"]
[EventCountry "USA"]
[SourceTitle "CBM 195 Extra"]
[Source "ChessBase"]
[SourceDate "2020.05.31"]
[SourceVersion "1"]
[SourceVersionDate "2020.05.31"]
[SourceQuality "1"]

1. e4 e5 2. Nf3 Nc6 3. Bb5 Nf6 4. d4 exd4 5. 0-0 Be7 6. Re1 a6 7. Ba4 b5 8. Bb3 d6 9. Bd5 Nxd5 10. exd5 Ne5 11. Nxd4 Bd7 12. a4 0-0 13. Nc3 b4 14. Ne4 Re8 15. b3 Bf8 16. Bb2 Qh4 17. Nf3 Nxf3+ 18. Qxf3 Qg4 19. Qxg4 Bxg4 20. a5 Bd7 21. Bd4 h6 22. f3 c5 23. dxc6 Bxc6 24. Nf2 Bb5 25. Bb6 f5 26. Rad1 Rxe1+ 27. Rxe1 Rc8 28. Rc1 Kf7 29. Nd1 g5 30. c4 bxc3 31. Rxc3 Rxc3 32. Nxc3 Bd3 33. b4 Bg7 34. Nd5 Ke6 35. Nc7+ Kd7 36. b5 Bxb5 37. Nxb5 axb5 38. a6 Kc6 39. a7 Kb7 40. Kf1 Be5 41. h3 d5 42. Ke2 b4 43. Kd3 b3 44. Bc5 d4 45. g4 b2 46. Kc2 d3+ 0-1

[Event "PRO League Stage"]
[Site "Chess.com INT"]
[Date "2019.02.20"]
[Round "7"]
[White "Shevchenko, Kirill"]
[Black "Priyadharshan, Kannappan"]
[Result "0-1"]
[WhiteElo "2539"]
[BlackElo "2553"]
[PlyCount "70"]
[EventDate "2019.01.08"]
[EventType "team-swiss (rapid)"]
[EventRounds "10"]
[EventCountry "USA"]
[SourceTitle "CBM 189 Extra"]
[Source "ChessBase"]
[SourceDate "2019.06.03"]
[SourceVersion "1"]
[SourceVersionDate "2019.06.03"]
[SourceQuality "1"]
[WhiteTeam "Australia Kangaroos"]
[BlackTeam "Delhi Dynamite"]
[WhiteTeamCountry "AUS"]
[BlackTeamCountry "IND"]

1. e4 e5 2. Bc4 Nf6 3. d3 Nc6 4. Nc3 Na5 5. Bb3 Bc5 6. Nf3 d6 7. Ba4+ c6 8. a3 Bd4 9. Nxd4 exd4 10. Ne2 b5 11. Bb3 Nxb3 12. cxb3 c5 13. b4 h6 14. 0-0 0-0 15. f4 Bb7 16. Ng3 Re8 17. b3 a5 18. Bb2 axb4 19. axb4 Rxa1 20. Bxa1 Qb6 21. bxc5 dxc5 22. b4 c4 23. dxc4 bxc4 24. Bxd4 Qc6 25. b5 Qe6 26. f5 Qd6 27. Bxf6 Qxf6 28. Qc2 Qb6+ 29. Kh1 Qxb5 30. Rc1 Rc8 31. f6 g6 32. Qc3 Qc6 33. h4 Rd8 34. Qxc4 Rd1+ 35. Rxd1 Qxc4 0-1

[Event "PRO League Stage"]
[Site "Chess.com INT"]
[Date "2019.02.20"]
[Round "7"]
[White "Wang, Yue"]
[Black "Priyadharshan, Kannappan"]
[Result "1-0"]
[WhiteElo "2684"]
[BlackElo "2553"]
[PlyCount "139"]
[EventDate "2019.01.08"]
[EventType "team-swiss (rapid)"]
[EventRounds "10"]
[EventCountry "USA"]
[SourceTitle "CBM 189 Extra"]
[Source "ChessBase"]
[SourceDate "2019.06.03"]
[SourceVersion "1"]
[SourceVersionDate "2019.06.03"]
[SourceQuality "1"]
[WhiteTeam "Chengdu Pandas"]
[BlackTeam "Delhi Dynamite"]
[WhiteTeamCountry "CHN"]
[BlackTeamCountry "IND"]

1. Nf3 Nf6 2. c4 c5 3. Nc3 Nc6 4. g3 g6 5. Bg2 Bg7 6. d4 cxd4 7. Nxd4 0-0 8. 0-0 Qa5 9. Nb3 Qh5 10. e4 d6 11. Qxh5 Nxh5 12. Rd1 Bg4 13. f3 Be6 14. Nd5 Rfc8 15. g4 Nf6 16. Be3 Nd7 17. Rab1 b6 18. Nd2 Kf8 19. Bf1 f5 20. exf5 gxf5 21. Nf4 Bf7 22. gxf5 Nce5 23. Kf2 Bf6 24. b3 Bh4+ 25. Ke2 a5 26. a4 Nc5 27. Bh3 Bf6 28. Ne6+ Ke8 29. Bd4 Ncd3 30. Bxe5 Nxe5 31. Ne4 Nd7 32. Ke3 Bh8 33. Rg1 Nf6 34. Ng7+ Kd7 35. Nxf6+ exf6 36. Ne6 Rg8 37. f4 Rxg1 38. Rxg1 Rg8 39. Rxg8 Bxg8 40. Ke4 Bf7 41. Bg4 Be8 42. Kd5 h5 43. Bh3 h4 44. Bg4 Ke7 45. Nd4 Bg7 46. Ke4 Bh6 47. Ke3 Bf7 48. Bf3 Be8 49. h3 Bf7 50. Bd5 Bh5 51. Be4 Kd7 52. Bf3 Bf7 53. Bb7 Bh5 54. Be4 Ke7 55. Bg2 Kd8 56. Bf3 Bf7 57. Nb5 Kd7 58. Nc3 Kd8 59. Ne2 Kd7 60. Nd4 Ke7 61. Nc2 Kd7 62. Ne1 Ke7 63. Ng2 d5 64. Bxd5 Bxd5 65. cxd5 Kd6 66. Kd4 Kd7 67. Ke4 Kd6 68. Nxh4 Kc5 69. Ng6 Kb4 70. d6 1-0

[Event "PRO League Stage"]
[Site "Chess.com INT"]
[Date "2019.01.08"]
[Round "1"]
[White "Quparadze, Giga"]
[Black "Priyadharshan, Kannappan"]
[Result "1-0"]
[WhiteElo "2493"]
[BlackElo "2553"]
[PlyCount "115"]
[EventDate "2019.01.08"]
[EventType "team-swiss (rapid)"]
[EventRounds "10"]
[EventCountry "USA"]
[SourceTitle "CBM 188 Extra"]
[Source "ChessBase"]
[SourceDate "2019.02.26"]
[SourceVersion "1"]
[SourceVersionDate "2019.02.26"]
[SourceQuality "1"]
[WhiteTeam "Tbilisi Gentlemen"]
[BlackTeam "Delhi Dynamite"]
[WhiteTeamCountry "GEO"]
[BlackTeamCountry "IND"]

1. e4 e6 2. d4 d5 3. Nd2 c5 4. Ngf3 cxd4 5. Nxd4 Nf6 6. e5 Nfd7 7. N2f3 Nc6 8. Nxc6 bxc6 9. Bd3 Qc7 10. Qe2 Nc5 11. 0-0 Be7 12. Be3 Nxd3 13. cxd3 c5 14. Rac1 Qb6 15. b3 Ba6 16. Rc2 Qb5 17. Rd1 h6 18. Qd2 Rc8 19. h4 Kd7 20. h5 Rc7 21. Qe1 Rhc8 22. Bc1 Qb4 23. Bd2 Qg4 24. Be3 Qxh5 25. Qa5 Bb7 26. d4 cxd4 27. Rxc7+ Rxc7 28. Rc1 Bd8 29. Qa4+ Kc8 30. Rxc7+ Bxc7 31. Bxd4 f6 32. exf6 gxf6 33. Bxf6 e5 34. Qb4 Qe8 35. Qc5 Kd7 36. Qxa7 Kc8 37. Bxe5 Bxe5 38. Qe3 d4 39. Qxe5 Qxe5 40. Nxe5 Be4 41. Nc4 Kc7 42. f3 Bc2 43. Kf2 Kc6 44. Nd2 Kc5 45. a3 Kd5 46. g4 Ke5 47. a4 Kd5 48. f4 Kc5 49. f5 Kb4 50. f6 Bg6 51. Nf3 Kc3 52. a5 d3 53. a6 h5 54. a7 hxg4 55. a8Q gxf3 56. Qxf3 Kc2 57. f7 Bxf7 58. Qxf7 1-0

[Event "North Eastern Masters GM 2nd"]
[Site "Washington DC"]
[Date "2018.05.22"]
[Round "8"]
[White "Priyadharshan, Kannappan"]
[Black "Lenderman, Aleksandr"]
[Result "1/2-1/2"]
[WhiteElo "2530"]
[BlackElo "2611"]
[PlyCount "82"]
[EventDate "2018.05.18"]
[EventType "tourn"]
[EventRounds "9"]
[EventCountry "USA"]
[EventCategory "8"]
[SourceTitle "CBM 184 Extra"]
[Source "ChessBase"]
[SourceDate "2018.06.28"]
[SourceVersion "1"]
[SourceVersionDate "2018.06.28"]
[SourceQuality "1"]

1. e4 e6 2. d4 d5 3. exd5 exd5 4. Nf3 c6 5. Bd3 Bd6 6. 0-0 Ne7 7. Re1 0-0 8. Nbd2 Na6 9. c3 Bf5 10. Nf1 Bxd3 11. Qxd3 f6 12. Bd2 Qd7 13. Re2 Nc7 14. Ng3 Rae8 15. Rae1 Qg4 16. Bc1 Qg6 17. Qd1 Nf5 18. Rxe8 Rxe8 19. Rxe8+ Nxe8 20. Qc2 Nxg3 21. Qxg6 hxg6 22. hxg3 Kf7 23. Kf1 Ke6 24. Ke2 g5 25. g4 b6 26. Ne1 Kd7 27. g3 Be7 28. Nc2 Nd6 29. Ne3 g6 30. f3 Ke6 31. Kd3 Bd8 32. Bd2 Bc7 33. Be1 a5 34. a4 f5 35. gxf5+ gxf5 36. b3 b5 37. g4 f4 38. Nd1 bxa4 39. bxa4 Nc4 40. Kc2 Bd6 41. Bd2 Kd7 1/2-1/2

[Event "Saint Louis Spring-B"]
[Site "Saint Louis"]
[Date "2018.03.11"]
[Round "6"]
[White "Fier, Alexandr"]
[Black "Priyadharshan, Kannappan"]
[Result "0-1"]
[WhiteElo "2582"]
[BlackElo "2513"]
[PlyCount "100"]
[EventDate "2018.03.06"]
[EventType "tourn"]
[EventRounds "9"]
[EventCountry "USA"]
[EventCategory "11"]
[SourceTitle "CBM 184"]
[Source "ChessBase"]
[SourceDate "2018.05.16"]
[SourceVersion "1"]
[SourceVersionDate "2018.05.16"]
[SourceQuality "1"]

1. c4 c5 2. Nf3 Nc6 3. Nc3 e5 4. e3 f5 5. d4 e4 6. d5 exf3 7. dxc6 dxc6 8. Qxf3 Nf6 9. Bd2 Be7 10. 0-0-0 0-0 11. h3 Be6 12. Qe2 a6 13. g4 b5 14. gxf5 Bxc4 15. Qf3 Bf7 16. Rg1 b4 17. Qg2 Ne8 18. Qxc6 Ra7 19. Be1 Qa5 20. Nd5 Qxa2 21. Nxe7+ Rxe7 22. Qxa6 Qxa6 23. Bxa6 Ra7 24. Bd3 Nf6 25. f3 Bb3 26. Bc2 Ra1+ 27. Kd2 Rd8+ 28. Ke2 Bc4+ 29. Bd3 Rxd1 30. Bxc4+ Kh8 31. e4 Rc1 32. b3 Rdd1 33. e5 Nh5 34. e6 Nf6 35. Kf2 Ra1 36. Bb5 Kg8 37. Ke2 Rdc1 38. Kd2 Rd1+ 39. Ke2 Rdc1 40. Kd2 Kf8 41. Bc4 Ng8 42. f6 Nxf6 43. e7+ Ke8 44. Bb5+ Kxe7 45. Rxg7+ Kf8 46. Rg1 Rd1+ 47. Ke2 Nd5 48. Bc4 Nf4+ 49. Ke3 Rxe1+ 50. Rxe1 Ng2+ 0-1

[Event "Titled Tuesday intern op 12th Dec"]
[Site "Chess.com INT"]
[Date "2017.12.12"]
[Round "1"]
[White "Priyadharshan, Kannappan"]
[Black "Talukdar, Rohan Shyam"]
[Result "1-0"]
[WhiteElo "2510"]
[BlackElo "2265"]
[PlyCount "105"]
[EventDate "2017.12.12"]
[EventType "swiss (blitz)"]
[EventRounds "10"]
[EventCountry "USA"]
[SourceTitle "EXT 2021"]
[Source "ChessBase"]
[SourceDate "2020.10.23"]
[SourceVersion "1"]
[SourceVersionDate "2020.10.23"]
[SourceQuality "1"]

1. e4 c5 2. Nf3 d6 3. Bb5+ Nd7 4. 0-0 a6 5. Bd3 Ngf6 6. Re1 g6 7. c3 Bg7 8. Bc2 0-0 9. d4 b6 10. d5 Bb7 11. c4 Qc7 12. Nc3 e6 13. Bf4 exd5 14. exd5 Ng4 15. Qd2 Rfe8 16. Rxe8+ Rxe8 17. Re1 Nge5 18. Nxe5 Nxe5 19. b3 Qd8 20. Kf1 Qd7 21. Ne4 b5 22. Bh6 Bh8 23. Bg5 bxc4 24. Nf6+ Bxf6 25. Bxf6 Ng4 26. Rxe8+ Qxe8 27. Bb2 cxb3 28. axb3 f6 29. h3 Ne5 30. f4 Nd7 31. Kf2 Qf7 32. Be4 Nb6 33. Qa5 Nxd5 34. Qd8+ Kg7 35. Qxd6 Kh6 36. f5 g5 37. Bxd5 Bxd5 38. Bxf6 Bxb3 39. Be5+ Be6 40. Qxe6+ Qxe6 41. fxe6 Kg6 42. Ke3 a5 43. Kd3 a4 44. Kc4 a3 45. Kb3 Kf5 46. e7 Kxe5 47. e8Q+ Kd4 48. Kxa3 Kd3 49. Qd8+ Kc3 50. Qxg5 c4 51. Qg7+ Kc2 52. Qxh7+ Kd2 53. Qd7+ 1-0

[Event "Saint Louis SPICE Cup op 11th"]
[Site "Saint Louis"]
[Date "2017.10.26"]
[Round "9.13"]
[White "Furfine, Jacob"]
[Black "Priyadharshan, Kannappan"]
[Result "0-1"]
[WhiteElo "2297"]
[BlackElo "2516"]
[PlyCount "64"]
[EventDate "2017.10.21"]
[EventType "swiss"]
[EventRounds "9"]
[EventCountry "USA"]
[SourceTitle "CBM 181 Extra"]
[Source "ChessBase"]
[SourceDate "2017.12.12"]
[SourceVersion "1"]
[SourceVersionDate "2017.12.12"]
[SourceQuality "1"]

1. d4 d5 2. Nc3 Nf6 3. Bf4 e6 4. e3 Bb4 5. Nge2 0-0 6. h4 c5 7. a3 cxd4 8. exd4 Be7 9. Qd2 Nc6 10. h5 Bd7 11. f3 Na5 12. b3 Ne8 13. g4 f6 14. Ng3 Nc6 15. Be3 Nd6 16. f4 f5 17. g5 Rc8 18. h6 g6 19. Na4 b6 20. Nb2 Ne4 21. Nxe4 fxe4 22. b4 Bd6 23. c4 Ne7 24. c5 Bb8 25. Bh3 bxc5 26. dxc5 e5 27. Bxd7 Qxd7 28. fxe5 Qg4 29. Rg1 Qh4+ 30. Bf2 Qh2 31. Rf1 Rf3 32. 0-0-0 Rcf8 0-1

[Event "Saint Louis SPICE Cup op 11th"]
[Site "Saint Louis"]
[Date "2017.10.22"]
[Round "3"]
[White "Priyadharshan, Kannappan"]
[Black "Grabinsky, Aaron"]
[Result "1/2-1/2"]
[WhiteElo "2516"]
[BlackElo "2366"]
[PlyCount "83"]
[EventDate "2017.10.21"]
[EventType "swiss"]
[EventRounds "9"]
[EventCountry "USA"]
[SourceTitle "CBM 181 Extra"]
[Source "ChessBase"]
[SourceDate "2017.12.12"]
[SourceVersion "1"]
[SourceVersionDate "2017.12.12"]
[SourceQuality "1"]

1. g3 c5 2. Bg2 Nc6 3. Nf3 g6 4. d4 cxd4 5. Nxd4 Bg7 6. Nb3 d6 7. 0-0 Nf6 8. Nc3 0-0 9. h3 Be6 10. e4 Rc8 11. Nd5 Nd7 12. c3 Nb6 13. Re1 Nc4 14. Qe2 b5 15. a4 a6 16. axb5 axb5 17. Nd2 Nxd2 18. Bxd2 b4 19. Nxb4 Nxb4 20. cxb4 Bxb2 21. Rab1 Bd4 22. Be3 Qb6 23. Bxd4 Qxd4 24. Qe3 Qxe3 25. Rxe3 Rc2 26. b5 Rb8 27. b6 Rc6 28. b7 Rc7 29. e5 d5 30. Reb3 Kf8 31. g4 g5 32. Rb6 Ke8 33. R1b5 Rc1+ 34. Kh2 Rc2 35. Bxd5 Bxd5 36. Rxd5 e6 37. Rd3 Rxf2+ 38. Kg3 Rc2 39. h4 h6 40. Ra3 Kd7 41. Rf3 Ke7 42. Rb1 1/2-1/2

[Event "US Open-118"]
[Site "Norfolk"]
[Date "2017.08.04"]
[Round "7"]
[White "Priyadharshan, Kannappan"]
[Black "Nyzhnyk, Illya"]
[Result "0-1"]
[WhiteElo "2514"]
[BlackElo "2622"]
[PlyCount "112"]
[EventDate "2017.07.29"]
[EventType "swiss"]
[EventRounds "9"]
[EventCountry "USA"]
[SourceTitle "CBM 179 Extra"]
[Source "ChessBase"]
[SourceDate "2017.08.23"]
[SourceVersion "1"]
[SourceVersionDate "2017.08.23"]
[SourceQuality "1"]

1. e4 e6 2. d4 d5 3. Nd2 c5 4. Ngf3 cxd4 5. exd5 Qxd5 6. Bc4 Qd7 7. 0-0 Nc6 8. Nb3 Nf6 9. Qe2 a6 10. a4 Bd6 11. Rd1 e5 12. Nbxd4 Nxd4 13. Rxd4 Qe7 14. Rxd6 Qxd6 15. b3 e4 16. Ba3 Qf4 17. Rd1 Be6 18. Bxe6 fxe6 19. Qc4 Kf7 20. h4 h6 21. Bd6 Qf5 22. Ne5+ Kg8 23. Qc7 Kh7 24. Qxb7 e3 25. fxe3 Ne4 26. Nf3 Rhd8 27. Kh2 Nxd6 28. Rxd6 Rxd6 29. Qxa8 Qxc2 30. e4 e5 31. h5 Qe2 32. b4 Rf6 33. Kg3 Rf4 34. b5 axb5 35. axb5 Qxb5 36. Qd5 Qxd5 37. exd5 Rf6 38. Nxe5 Rf5 39. Ng6 Rxd5 40. Kh4 Rg5 41. Nf4 Kg8 42. g4 Kf7 43. Kg3 Ra5 44. Ng2 Kf6 45. Nh4 Ke5 46. Nf3+ Ke4 47. Nd2+ Kd3 48. Nf3 Ke3 49. Nh4 Ke4 50. Ng6 Ra2 51. Ne7 Ra3+ 52. Kh4 Kf3 53. Ng6 Ra1 54. Ne5+ Kg2 55. g5 Ra4+ 56. Ng4 Kf3 0-1

[Event "Dayton Masters"]
[Site "Dayton"]
[Date "2017.07.21"]
[Round "8"]
[White "Georgiev, Vladimir"]
[Black "Priyadharshan, Kannappan"]
[Result "0-1"]
[WhiteElo "2513"]
[BlackElo "2514"]
[PlyCount "74"]
[EventDate "2017.07.18"]
[EventType "tourn"]
[EventRounds "9"]
[EventCountry "USA"]
[EventCategory "5"]
[SourceTitle "CBM 179 Extra"]
[Source "ChessBase"]
[SourceDate "2017.08.23"]
[SourceVersion "1"]
[SourceVersionDate "2017.08.23"]
[SourceQuality "1"]

1. d4 e6 2. Nf3 Nf6 3. Bf4 d5 4. e3 c5 5. c3 Nc6 6. Nbd2 Be7 7. h3 0-0 8. Bd3 c4 9. Bc2 b5 10. a3 a5 11. e4 dxe4 12. Nxe4 Nd5 13. Bh2 f5 14. Ned2 Bd6 15. Bxd6 Qxd6 16. 0-0 Ba6 17. Re1 b4 18. axb4 axb4 19. Ng5 Nf4 20. Ndf3 b3 21. Bb1 Nd8 22. g3 h6 23. gxf4 hxg5 24. Nxg5 g6 25. Qe2 Qd5 26. f3 Bb7 27. Rxa8 Bxa8 28. Qf1 Qd6 29. Re5 Bd5 30. Be4 fxe4 31. fxe4 Nc6 32. Qg2 Nxe5 33. fxe5 Qd7 34. exd5 exd5 35. Kh2 Kg7 36. e6 Qd6+ 37. Kg1 Qf4 0-1

[Event "Titled Tuesday intern op 4th July"]
[Site "Chess.com INT"]
[Date "2017.07.04"]
[Round "8"]
[White "Kosteniuk, Alexandra"]
[Black "Priyadharshan, Kannappan"]
[Result "1-0"]
[WhiteElo "2552"]
[BlackElo "2514"]
[PlyCount "123"]
[EventDate "2017.07.04"]
[EventType "swiss (blitz)"]
[EventRounds "10"]
[EventCountry "USA"]
[SourceTitle "EXT 2021"]
[Source "ChessBase"]
[SourceDate "2020.10.23"]
[SourceVersion "1"]
[SourceVersionDate "2020.10.23"]
[SourceQuality "1"]

1. e4 e5 2. Nf3 Nc6 3. Bb5 Nf6 4. 0-0 Nxe4 5. d4 Nd6 6. Bxc6 dxc6 7. dxe5 Nf5 8. Qxd8+ Kxd8 9. Rd1+ Ke8 10. Nc3 Be7 11. Ne2 Nh4 12. Ng5 Bf5 13. Nd4 Rd8 14. Be3 Bc8 15. e6 fxe6 16. Ngxe6 Bxe6 17. Nxe6 Rxd1+ 18. Rxd1 Kf7 19. Nxc7 Rd8 20. Re1 Bd6 21. Ne6 Kxe6 22. Bg5+ Kd7 23. Bxh4 Rf8 24. f3 Rf5 25. Rd1 Ke6 26. Bf2 a5 27. Kf1 a4 28. c4 b5 29. cxb5 Rxb5 30. Bd4 g6 31. Rd2 Bxh2 32. Rc2 Kd5 33. Bg7 Bd6 34. Ke2 Rb7 35. Bc3 c5 36. Rd2+ Kc6 37. Rd1 Re7+ 38. Kd3 Kd5 39. Rh1 c4+ 40. Kd2 Bf4+ 41. Kd1 g5 42. Rh6 Rd7 43. Ra6 Kc5+ 44. Kc2 Re7 45. Kd1 Rd7+ 46. Ke2 Re7+ 47. Kf1 h5 48. Rxa4 Re8 49. Ra5+ Kc6 50. a4 h4 51. Bf6 Bg3 52. Bc3 Bf4 53. Ra6+ Kc5 54. Rg6 Rd8 55. Ke2 Re8+ 56. Kd1 Rd8+ 57. Ke2 Re8+ 58. Kf1 Rd8 59. a5 Rd1+ 60. Ke2 Rg1 61. Kf2 Ra1 62. b4+ 1-0

[Event "Titled Tuesday intern op 4th July"]
[Site "Chess.com INT"]
[Date "2017.07.04"]
[Round "6"]
[White "Migot, Tangi"]
[Black "Priyadharshan, Kannappan"]
[Result "0-1"]
[WhiteElo "2360"]
[BlackElo "2514"]
[PlyCount "78"]
[EventDate "2017.07.04"]
[EventType "swiss (blitz)"]
[EventRounds "10"]
[EventCountry "USA"]
[SourceTitle "EXT 2021"]
[Source "ChessBase"]
[SourceDate "2020.10.23"]
[SourceVersion "1"]
[SourceVersionDate "2020.10.23"]
[SourceQuality "1"]

1. e4 e5 2. Nf3 Nc6 3. Nc3 Nf6 4. d4 exd4 5. Nxd4 Bb4 6. Nxc6 bxc6 7. Bd3 d5 8. exd5 0-0 9. 0-0 cxd5 10. h3 c6 11. Qf3 Rb8 12. Bf4 Bd6 13. b3 Rb4 14. Bxd6 Qxd6 15. Ne2 Bd7 16. Ng3 Re8 17. c4 Rbb8 18. cxd5 cxd5 19. Rad1 Qe5 20. Rd2 Qg5 21. Rfd1 h5 22. Bf5 Bc6 23. Rc2 Ba8 24. Rd4 Re1+ 25. Nf1 g6 26. Bd3 Rbe8 27. Rc7 Qe5 28. Qg3 Qxd4 29. Bxg6 Rxf1+ 30. Kh2 Qe5 31. Bxf7+ Kf8 32. Bxe8 Qxg3+ 33. Kxg3 Nxe8 34. Rxa7 Bc6 35. a4 Rb1 36. Ra6 Rxb3+ 37. Kh4 Rc3 38. Kxh5 d4 39. g4 d3 0-1

[Event "Titled Tuesday intern op 4th July"]
[Site "Chess.com INT"]
[Date "2017.07.04"]
[Round "2"]
[White "Olafsson, Helgi"]
[Black "Priyadharshan, Kannappan"]
[Result "1/2-1/2"]
[WhiteElo "2512"]
[BlackElo "2514"]
[PlyCount "117"]
[EventDate "2017.07.04"]
[EventType "swiss (blitz)"]
[EventRounds "10"]
[EventCountry "USA"]
[SourceTitle "EXT 2021"]
[Source "ChessBase"]
[SourceDate "2020.10.23"]
[SourceVersion "1"]
[SourceVersionDate "2020.10.23"]
[SourceQuality "1"]

1. d4 Nf6 2. Nf3 e6 3. Bg5 d5 4. e3 h6 5. Bh4 b6 6. c4 Bb7 7. cxd5 exd5 8. Nc3 a6 9. Bd3 Nbd7 10. 0-0 Be7 11. Ne5 0-0 12. f4 Ne4 13. Bxe7 Qxe7 14. Nxe4 dxe4 15. Bc4 Nxe5 16. fxe5 b5 17. Bb3 c5 18. Qg4 Rad8 19. Rad1 Kh8 20. a3 cxd4 21. exd4 Qc7 22. Qg3 f5 23. h4 Bd5 24. Bxd5 Rxd5 25. Qg6 Qd7 26. e6 Qd8 27. h5 Rf6 28. Qg3 Rxe6 29. Qe3 Red6 30. Rf4 Rxd4 31. Rxd4 Rxd4 32. Rxf5 Rd1+ 33. Kh2 Qh4+ 34. Qh3 Qxh3+ 35. Kxh3 Rd3+ 36. g3 e3 37. Re5 Rb3 38. Kg4 Kh7 39. Kf4 a5 40. Rxe3 Rxb2 41. Re5 a4 42. g4 b4 43. axb4 Rxb4+ 44. Kf5 a3 45. Ra5 Rb3 46. Ra8 Rf3+ 47. Ke4 Rh3 48. Kf5 Re3 49. Kf4 Rb3 50. Kf5 Rb5+ 51. Kf4 Rb4+ 52. Kf5 Rb3 53. Kf4 Rc3 54. Kf5 Rh3 55. Kf4 Rb3 56. Kf5 Rf3+ 57. Ke4 Rg3 58. Kf4 Rb3 59. Kf5 1/2-1/2

[Event "Chicago Clark Street Capital op"]
[Site "Chicago"]
[Date "2017.04.13"]
[Round "2"]
[White "Priyadharshan, Kannappan"]
[Black "Fishbein, Alexander"]
[Result "1/2-1/2"]
[WhiteElo "2530"]
[BlackElo "2481"]
[PlyCount "109"]
[EventDate "2017.04.12"]
[EventType "swiss"]
[EventRounds "9"]
[EventCountry "USA"]
[SourceTitle "CBM 177 Extra"]
[Source "ChessBase"]
[SourceDate "2017.04.27"]
[SourceVersion "1"]
[SourceVersionDate "2017.04.27"]
[SourceQuality "1"]

1. e4 c5 2. Ne2 Nc6 3. Nbc3 d6 4. d3 g6 5. Be3 Bg7 6. Qd2 e5 7. Nd5 Be6 8. g3 Bxd5 9. exd5 Nce7 10. Bg2 Nf6 11. c4 Nf5 12. 0-0 Nxe3 13. fxe3 e4 14. d4 0-0 15. Nc3 Rc8 16. b3 a6 17. Kh1 Re8 18. Rae1 b5 19. cxb5 cxd4 20. exd4 Qa5 21. Nxe4 Qxd2 22. Nxd2 axb5 23. a4 Rc2 24. Ne4 Nxe4 25. Bxe4 Rc3 26. axb5 Bxd4 27. b4 Rb3 28. Bc2 Rxe1 29. Rxe1 Rxb4 30. Rb1 Rc4 31. Bd3 Rc3 32. Be2 Bb6 33. Kg2 Kg7 34. Ra1 Rc2 35. Kf1 Rb2 36. Ra6 Bc5 37. Rc6 h5 38. h3 f5 39. b6 Kf6 40. Ba6 h4 41. gxh4 f4 42. Rc8 Rxb6 43. Be2 Rb3 44. Bg4 Ke5 45. Re8+ Kd4 46. Ke2 Ra3 47. Rg8 Kxd5 48. Rxg6 Re3+ 49. Kd2 f3 50. Rf6 Ke4 51. Re6+ Kf4 52. Rxe3 Bxe3+ 53. Kd3 Bc1 54. Kd4 f2 55. Be2 1/2-1/2

[Event "PRO League Pacific"]
[Site "Chess.com INT"]
[Date "2017.01.11"]
[Round "1"]
[White "Naroditsky, Daniel"]
[Black "Priyadharshan, Kannappan"]
[Result "1-0"]
[WhiteElo "2646"]
[BlackElo "2527"]
[PlyCount "57"]
[EventDate "2017.01.11"]
[EventType "team-swiss (rapid)"]
[EventRounds "7"]
[EventCountry "USA"]
[SourceTitle "CBM 176 Extra"]
[Source "ChessBase"]
[SourceDate "2017.03.02"]
[SourceVersion "1"]
[SourceVersionDate "2017.03.02"]
[SourceQuality "1"]
[WhiteTeam "San Jose Hackers"]
[BlackTeam "Webster Windmills"]
[WhiteTeamCountry "USA"]
[BlackTeamCountry "USA"]

1. d4 d5 2. Bf4 c5 3. dxc5 e6 4. e4 Nf6 5. exd5 Nxd5 6. Bg3 Bxc5 7. Nd2 0-0 8. Ngf3 b6 9. Bd3 Ba6 10. Bxa6 Nxa6 11. Qe2 Qc8 12. a3 Be7 13. c4 Nf6 14. b4 Qb7 15. 0-0 Rfd8 16. Rab1 h6 17. Ne5 Rac8 18. c5 Nb8 19. Ndc4 bxc5 20. b5 Qe4 21. Qa2 Nh5 22. Nxf7 Kxf7 23. Ne5+ Kf6 24. Rbe1 Qf5 25. Bh4+ g5 26. g4 Qf4 27. Bg3 Qd2 28. Qb1 Rg8 29. Qh7 1-0